| 000 | 00481nmm a2200169Ia 4500 | ||
|---|---|---|---|
| 008 | 251105s9999||||xx |||||||||||||||||und|| | ||
| 020 | _a9786071608550 | ||
| 041 | _aspa | ||
| 100 | _aZepeda, Eraclio | ||
| 245 | 0 | _aSobre esta tierra | |
| 264 |
_a[México D.C., Mexico] : _bFondo de Cultura Económica, _c2012 |
||
| 300 | _a159 páginas | ||
| 490 | _aLetras Mexicanas | ||
| 650 | _aHistorical fiction | ||
| 856 | _uhttps://public.digitaliapublishing.com/a/43146 | ||
| 942 | _cCF | ||
| 999 |
_c75431 _d75431 |
||